| 000 | 00915nam a2200241Ia 4500 | ||
|---|---|---|---|
| 003 | OSt | ||
| 005 | 20220923222125.0 | ||
| 006 | a|||||r|||| 00| 0 | ||
| 007 | ta | ||
| 008 | 220922b |||||||| |||| 00| 0 hin d | ||
| 024 | _a203,161 | ||
| 037 | _cTextual | ||
| 040 |
_aARTS _cARTS _bhin |
||
| 041 |
_2hin _ahin |
||
| 082 | _aO157,3M61x, 152M1 | ||
| 100 |
_aठाकुर, रवीन्द्रनाथ; तोमर, रामसिंह, अनु. _9165985 |
||
| 245 | 0 | _aरवीन्द्रनाथ की कहानियां | |
| 246 | _aRavīndranāth kī kahāniyāan | ||
| 260 |
_aनई दिल्ली _b साहित्य अकादमी _c1981 |
||
| 300 |
_a404पृ. _ccm. |
||
| 942 |
_hO157,3M61x, 152M1 _cTEXL _2CC |
||
| 999 |
_c353921 _d353921 |
||